Cádiz CF Squad 2025-2026 - Statistics

General Stats
  • This quiz has been taken 27 times
    10 since last reset
  • The average score is 23 of 31
Answer Stats
# Position Nation Player % Correct
10 FW Uruguay Brian Ocampo
100%
1 GK Spain David Gil
100%
- Coach Spain Gaizka Garitano
100%
12 FW Georgia Iuri Tabatadze
100%
24 MF Spain Joaquín González
100%
5 MF Mali Moussa Diakité
100%
11 FW Spain Suso
100%
23 FW Spain Álvaro García Pascual
83%
14 DF Serbia Bojan Kovačević
83%
17 FW Mauritania Dawda Camara
83%
20 DF Spain Iza Carcelén
83%
21 DF Spain Mario Climent
83%
9 FW Spain Roger Martí
83%
- Coach Spain Sergio
83%
13 GK Brazil Victor Aznar
83%
8 MF Spain Álex Fernández
67%
3 DF Spain Fali
67%
6 DF Spain Iker Recio
67%
22 FW Spain Javi Ontiveros
67%
2 DF Spain Jorge Moreno
67%
19 FW Spain José Antonio de la Rosa
67%
7 FW Spain Lucas Pérez
67%
27 DF Spain Pelayo Fernández
67%
15 MF Spain Sergio Ortuño
67%
3 MF Mali Rominigue Kouamé
50%
38 DF Spain Sergio Arribas
50%
18 MF Mali Yussi Diarra
50%
29 DF Ecuador Alfred Caicedo
33%
16 FW Spain Antoñito Cordero
33%
7 FW Nigeria Efe Ugiagbe
33%
37 FW Argentina Jerónimo Dómina
33%
No matching quizzes found
Score Distribution
Percent of People with Each Score
Percentile by Number Answered
Your Score History
You have not taken this quiz since the last reset